Les français en Premier League (2020-2026) - Statistiques

Statistiques générales
  • Ce quiz a été pris 111 fois
  • Le résultat moyen est 26 sur 75
Statistiques - réponses
Nb de saisons Clubs Joueur % Correct
6 Everton (2020-2022), Aston Villa (2021-2026) Lucas Digne
94%
5 Liverpool (2021-2026) Ibrahima Konaté
90%
3 Chelsea (2020-2023) N'Golo Kanté
89%
1 West Ham (2025-2026) Mohamadou Kanté
88%
6 Crystal Palace (2020-2026) Jran-Philippe Mateta
87%
4 Arsenal (2022-2026) William Saliba
85%
5 Leicester (2020-2023), Chelsea (2022-2023, 2024-2026) Wesley Fofana
78%
6 Fulham (2020-2021), West Ham (2021-2026) Alphonse Areola
75%
3 Chelsea (2023-2025), Aston Villa (2024-2025), West Ham (2025-2026) Axel Disasi
70%
3 Tottenham (2020-2023) Hugo Lloris
70%
4 Chelsea (2022-2026) Benoît Badiashile
69%
3 Chelsea (2023-2026) Malo Gusto
69%
2 Manchester United (2020-2022) Paul Pogba
67%
1 Manchester City (2025-2026) Rayan Cherki
67%
1 Liverpool (2025-2026) Hugo Ekitike
63%
3 Manchester United (2021-2024) Raphaël Varane
63%
2 Crystal Palace (2024-2026) Maxence Lacroix
60%
4 Manchester United (2020-2024) Anthony Martial
57%
4 Aston Villa (2022-2026) Boubacar Kamara
57%
2 Manchester United (2024-2026) Leny Yoro
56%
4 Chelsea (2020-2021), West Ham (2021-2024) Kurt Zouma
54%
1 Chelsea (2020-2021) Olivier Giroud
54%
2 Tottenham (2020-2021), Watford (2021-2022) Moussa Sissoko
52%
3 Crystal Palace (2021-2024) Michael Olise
49%
2 Manchester City (2020-2022) Benjamin Mendy
47%
1 Tottenham (2025-2026) Randal Kolo Muani
45%
2 Arsenal (2020-2022) Alexandre Lacazette
44%
3 Leeds (2020-2023) Illan Meslier
43%
6 West Ham (2020-2022), Fulham (2022-2026) Issa Diop
42%
2 Tottenham (2024-2026) Mathys Tel
42%
1 Sunderland (2025-2026) Enzo Le Fée
38%
2 West Ham (2024-2026) Jean-Clair Todibo
37%
3 Burnley (2023-2024), Tottenham (2024-2026) Wilson Odobert
37%
2 Chelsea (2023-2025) Christopher Nkunku
36%
3 Leeds (2022-2023), Brighton (2024-2026) Georginio Rutter
36%
1 Sunderland (2025-2026) Nordi Mukiele
31%
1 Bournemouth (2025-2026) Eli Junior Kroupi
30%
4 Brighton (2020-2022), Everton (2022-2024), Brentford (2023-2024) Neal Maupay
30%
3 Chelsea (2023-2024), Southampton (2024-2025), Burnley (2025-2026) Lesley Ugochukwu
27%
1 Bournemouth (2025-2026) Adrien Truffert
26%
1 Aston Villa (2023-2024) Moussa Diaby
26%
3 Newcastle (2020-2023) Allan Saint-Maximin
25%
1 Bournemouth (2025-2026) Bafodé Diakité
24%
5 Crystal Palace (2021-2026), Leicester (2024-2025) Odsonne Edouard
24%
1 Sunderland (2025-2026) Wilson Isidor
24%
1 Chelsea (2021-2022) Malang Sarr
22%
2 Burnley (2023-2024, 2025-2026) Maxime Estève
21%
2 Tottenham (2020-2023) Tanguy Ndombele
21%
1 Nottingham (2025-2026) Arnaud Kalimuendo
17%
1 Everton (2025-2026) Thierno Barry
17%
3 Leicester (2021-2023, 2024-2025) Boubakary Soumaré
16%
2 Tottenham (2022-2023), Aston Villa (2023-2024) Clément Lenglet
15%
1 Crystal Palace (2025-2026) Jaydee Canvot
12%
3 Aston Villa (2020-2023) Morgan Sanson
12%
1 Crystal Palace (2020-2021) Mamadou Sakho
11%
1 Nottingham (2025-2026) Dilane Bakwa
10%
3 Southampton (2020-2023) Ibrahima Diallo
10%
1 Brighton (2025-2026) Olivier Boscagli
9%
2 Southampton (2021-2023) Romain Perraud
8%
1 West Ham (2025-2026) Soungoutou Magassa
7%
1 Fulham (2022-2023) Layvin Kurzawa
6%
1 Bournemouth (2023-2024) Romain Faivre
6%
1 Burnley (2025-2026) Loum Tchaouna
4%
1 Chelsea (2024-2025) Mathis Amougou
3%
2 Crystal Palace (2022-2024) Naouirou Ahamada
3%
1 Norwich (2021-2022) Pierre Lees-Melou
3%
1 Sheffield United (2020-2021) Lys Mousset
2%
1 Southampton (2022-2023) Sékou Mara
2%
1 Burnley (2023-2024) Han-Noah Massengo
1%
1 Burnley (2023-2024) Lorenz Assignon
1%
1 Everton (2020-2021) Niels Nkounkou
1%
1 Leicester (2024-2025) Woyo Coulibaly
1%
1 Nottingham (2022-2023) Giulian Biancone
0%
1 Southampton (2024-2025) Joachim Kayi Sanda
0%
1 Fulham (2020-2021) Maxime Le Marchand
0%
Aucun quiz correspondant
Distribution des résultats
% des personnes avec chaque résultat
Percentile par nombre de réponses
Votre historique - résultats
Vous n’avez pas pris ce quiz